| 000 | 00654nam a2200217 a 4500 | ||
|---|---|---|---|
| 001 | 19318 | ||
| 003 | BD-RjUL | ||
| 005 | 20211209000420.0 | ||
| 008 | 140224s1985 nyua 001 0 eng d | ||
| 035 | _a(BD-RjUL)19377 | ||
| 040 |
_aBDS _dUkOxU _dBD-RjUL _beng _cUkOxU |
||
| 041 | _aeng | ||
| 082 | 0 |
_a425 _222 _bMUI 1985 |
|
| 100 |
_aMurphy, Raymond _923942 |
||
| 245 | 0 | 0 |
_aIntermediate English grammar : _cRaymond Murphy _breference and practice for South Asian Students / |
| 260 |
_aNew York : _bCambridge Uni., _c1985. |
||
| 300 |
_aviii, 328 p. : _bill. ; _c23 cm. |
||
| 504 | _aIncludes index. | ||
| 650 | 0 |
_aEnglish grammar _923943 |
|
| 942 |
_2ddc _cBK |
||
| 999 |
_c19318 _d19318 |
||